[Event "Titled Tuesday intern op 7th March"]
[Site "Chess.com INT"]
[Date "2017.03.07"]
[Round "1"]
[White "Biyiasas, Peter"]
[Black "Belous, Mikhail"]
[Result "1-0"]
[WhiteElo "2450"]
[BlackElo "2366"]
[PlyCount "93"]
[EventDate "2017.03.07"]
[EventType "swiss (blitz)"]
[EventRounds "11"]
[EventCountry "USA"]
[SourceTitle "EXT 2021"]
[Source "ChessBase"]
[SourceDate "2020.10.23"]
[SourceVersion "1"]
[SourceVersionDate "2020.10.23"]
[SourceQuality "1"]

1. Nf3 Nf6 2. c4 g6 3. Nc3 Bg7 4. e4 0-0 5. d4 d6 6. Be2 e5 7. 0-0 Nc6 8. Be3 Ng4 9. Bg5 f6 10. Bc1 Nh6 11. dxe5 dxe5 12. Qd5+ Nf7 13. Be3 Nb4 14. Qc5 Nc2 15. Rad1 Bd7 16. Bc1 Qc8 17. Nd5 b6 18. Ne7+ Kh8 19. Qd5 Be6 20. Qc6 Nb4 21. Qa4 Qe8 22. Nxg6+ hxg6 23. Qxb4 c5 24. Qb3 Qe7 25. Nh4 Kh7 26. g3 Nd8 27. Qa4 Bh3 28. Ng2 Ne6 29. Rd7 Qe8 30. Bd1 Nd4 31. Rd6 Qxa4 32. Bxa4 Rh8 33. f3 Kg8 34. Rf2 Kf7 35. Ne3 Ke7 36. Rd5 Be6 37. Kg2 Bxd5 38. Nxd5+ Kd6 39. f4 Rab8 40. Bd1 b5 41. cxb5 Rxb5 42. b3 a5 43. Ne3 a4 44. Nc4+ Ke6 45. Bg4+ Ke7 46. fxe5 fxe5 47. Bg5+ 1-0

[Event "Titled Tuesday intern op 7th March"]
[Site "Chess.com INT"]
[Date "2017.03.07"]
[Round "10"]
[White "Biyiasas, Peter"]
[Black "Karas, Marek"]
[Result "1/2-1/2"]
[WhiteElo "2450"]
[BlackElo "2267"]
[PlyCount "267"]
[EventDate "2017.03.07"]
[EventType "swiss (blitz)"]
[EventRounds "11"]
[EventCountry "USA"]
[SourceTitle "EXT 2021"]
[Source "ChessBase"]
[SourceDate "2020.10.23"]
[SourceVersion "1"]
[SourceVersionDate "2020.10.23"]
[SourceQuality "1"]

1. e4 e5 2. Nf3 Nc6 3. d4 exd4 4. Bc4 Nf6 5. e5 d5 6. Bb5 Ne4 7. Nxd4 Bd7 8. Bxc6 bxc6 9. 0-0 Be7 10. f3 Nc5 11. f4 0-0 12. f5 Ne4 13. Nd2 c5 14. Nxe4 cxd4 15. Ng3 c5 16. f6 gxf6 17. Bh6 fxe5 18. Nf5 Bxf5 19. Rxf5 Qd6 20. Qg4+ Qg6 21. Qxg6+ hxg6 22. Bxf8 Bxf8 23. Rxe5 Rd8 24. Rae1 Kg7 25. Re8 Rd6 26. Rc8 Ra6 27. a3 c4 28. Re5 c3 29. bxc3 dxc3 30. Rxc3 d4 31. Rd3 Bxa3 32. Rb5 Ra4 33. Kf2 Bc1 34. Kf3 Rc4 35. Ra5 Be3 36. Ra2 a5 37. Ke4 a4 38. Kd5 Rc8 39. Rda3 Rh8 40. h3 Rh5+ 41. Ke4 Rg5 42. g4 f5+ 43. Kf3 fxg4+ 44. hxg4 Rc5 45. Rxa4 Kh6 46. Ra5 Rc8 47. Ra1 Rf8+ 48. Ke2 Rf2+ 49. Kd3 Rd2+ 50. Ke4 Rxc2 51. Rh1+ Kg7 52. Ra7+ Kf6 53. Rf1+ Kg5 54. Kf3 Rc5 55. Rd7 Re5 56. Rb1 Ra5 57. Rdb7 Kh6 58. Ke4 Ra8 59. R1b5 Re8+ 60. Kd3 Rf8 61. Rd7 Rf4 62. g5+ Kh5 63. Rh7+ Kg4 64. Rh6 Rf5 65. Rb6 Rxg5 66. Rhxg6 Rxg6 67. Rxg6+ Kf5 68. Rg8 Kf4 69. Rf8+ Kg3 70. Ke4 Kg2 71. Rf5 Kh1 72. Kf3 Bg1 73. Rh5+ Bh2 74. Kf2 d3 75. Ra5 Bg1+ 76. Kg3 Bh2+ 77. Kh3 d2 78. Ra1+ Bg1 79. Kg4 d1Q+ 80. Rxd1 Kg2 81. Rd2+ Kh1 82. Kh3 Be3 83. Rd3 Bb6 84. Rb3 Bc5 85. Kg3 Ba7 86. Rb2 Bc5 87. Rd2 Bb6 88. Rd7 Bc5 89. Rd8 Bb6 90. Rd5 Ba7 91. Rh5+ Kg1 92. Rb5 Kh1 93. Ra5 Bb8+ 94. Kh3 Bh2 95. Ra2 Bg1 96. Re2 Bb6 97. Kg3 Bc7+ 98. Kf2 Bb6+ 99. Kf1 Bc7 100. Re4 Bb8 101. Re7 Bd6 102. Rg7 Be5 103. Rg6 Bb8 104. Kf2 Bc7 105. Kf3 Bb8 106. Rh6+ Kg1 107. Rb6 Bc7 108. Rb1+ Kh2 109. Kf2 Bg3+ 110. Kf3 Bc7 111. Rc1 Bb6 112. Rc2+ Kh1 113. Kg3 Ba7 114. Rb2 Bc5 115. Rb1+ Bg1 116. Kf3 Kh2 117. Rb2+ Kh1 118. Rb1 Kh2 119. Rb5 Kh1 120. Kg3 Bh2+ 121. Kf2 Bg1+ 122. Kf1 Bh2 123. Rb3 Bd6 124. Rf3 Bc7 125. Rf5 Bd6 126. Rd5 Bc7 127. Kf2 Bb6+ 128. Kg3 Bc7+ 129. Kh3 Bb6 130. Rg5 Ba7 131. Rf5 Bb6 132. Rb5 Ba7 133. Rb1+ Bg1 134. Rb3 1/2-1/2

[Event "Titled Tuesday intern op 7th March"]
[Site "Chess.com INT"]
[Date "2017.03.07"]
[Round "2"]
[White "Kryakvin, Dmitry"]
[Black "Biyiasas, Peter"]
[Result "1-0"]
[WhiteElo "2554"]
[BlackElo "2450"]
[PlyCount "99"]
[EventDate "2017.03.07"]
[EventType "swiss (blitz)"]
[EventRounds "11"]
[EventCountry "USA"]
[SourceTitle "EXT 2021"]
[Source "ChessBase"]
[SourceDate "2020.10.23"]
[SourceVersion "1"]
[SourceVersionDate "2020.10.23"]
[SourceQuality "1"]

1. d4 Nf6 2. c4 g6 3. Nc3 Bg7 4. e4 d6 5. Be2 0-0 6. Bg5 c6 7. Qd2 a6 8. a4 a5 9. Nf3 Na6 10. 0-0 Bg4 11. Rfd1 Nb4 12. h3 Bxf3 13. Bxf3 e5 14. d5 Qb6 15. dxc6 bxc6 16. Qxd6 Rad8 17. c5 Qb8 18. Qxb8 Rxb8 19. Rd6 Ne8 20. Rd2 Bf6 21. Be3 Ng7 22. Bg4 h5 23. Bd7 Rfd8 24. Rad1 Be7 25. g3 h4 26. Kg2 hxg3 27. fxg3 Nh5 28. Bg4 Nf6 29. Rxd8+ Rxd8 30. Rxd8+ Bxd8 31. Be2 Be7 32. Bc4 Nd7 33. Na2 Nxa2 34. Bxa2 Bxc5 35. Bd2 Bb6 36. b4 axb4 37. Bxb4 Nc5 38. a5 Ba7 39. Kf3 Nd3 40. Bc3 Kf8 41. Bc4 Nc5 42. Bxe5 Ke7 43. Bd4 Kd6 44. Bxf7 g5 45. h4 gxh4 46. gxh4 Bb8 47. e5+ Ke7 48. Bxc5+ Kxf7 49. Ke4 Ke6 50. a6 1-0

[Event "Titled Tuesday intern op 7th Febr"]
[Site "Chess.com INT"]
[Date "2017.02.07"]
[Round "2"]
[White "Biyiasas, Peter"]
[Black "Grigoriants, Sergey"]
[Result "0-1"]
[WhiteElo "2450"]
[BlackElo "2564"]
[PlyCount "138"]
[EventDate "2017.02.07"]
[EventType "swiss (blitz)"]
[EventRounds "9"]
[EventCountry "USA"]
[SourceTitle "EXT 2021"]
[Source "ChessBase"]
[SourceDate "2020.10.23"]
[SourceVersion "1"]
[SourceVersionDate "2020.10.23"]
[SourceQuality "1"]

1. Nf3 d5 2. c4 d4 3. g3 Nc6 4. Bg2 e5 5. d3 Bd6 6. 0-0 Nge7 7. Na3 0-0 8. Nc2 a5 9. e3 dxe3 10. Bxe3 Nf5 11. Re1 h6 12. Bd2 Re8 13. Bc3 Bd7 14. d4 exd4 15. Rxe8+ Bxe8 16. Ncxd4 Nfe7 17. Nb5 Nf5 18. Nxd6 Nxd6 19. Qe2 Qe7 20. Qxe7 Nxe7 21. b3 Bc6 22. Re1 Ng6 23. h4 a4 24. h5 Nf8 25. Nd4 Bxg2 26. Kxg2 axb3 27. axb3 c5 28. Nc2 Ne6 29. Ne3 Ra3 30. Rb1 Ne4 31. Be1 Nf6 32. g4 Nf4+ 33. Kf3 Nd3 34. Bc3 Nd7 35. Nf5 f6 36. Nd6 b6 37. Ke3 N3e5 38. f3 Ra2 39. Rb2 Ra1 40. Rd2 Re1+ 41. Kf2 Rc1 42. Bxe5 Nxe5 43. Nc8 Rc3 44. Nxb6 Rxf3+ 45. Kg2 Rxb3 46. Rd8+ Kh7 47. Nd7 Nxd7 48. Rxd7 Rc3 49. Rc7 Rxc4 50. Kg3 Rc1 51. Rc8 c4 52. Kg2 c3 53. Kh2 g5 54. Rc7+ Kg8 55. Kg2 Kf8 56. Kf2 c2 57. Kg2 Ke8 58. Rc8+ Kd7 59. Rc5 Kd6 60. Rc8 Ke5 61. Rc4 Kd5 62. Rc8 Ke4 63. Rc4+ Ke3 64. Rc8 Re1 65. Re8+ Kd2 66. Rd8+ Kc3 67. Rc8+ Kb3 68. Rb8+ Ka4 69. Ra8+ Kb5 0-1

[Event "Titled Tuesday intern op 7th Febr"]
[Site "Chess.com INT"]
[Date "2017.02.07"]
[Round "6"]
[White "Van Foreest, Jorden"]
[Black "Biyiasas, Peter"]
[Result "1-0"]
[WhiteElo "2584"]
[BlackElo "2450"]
[PlyCount "117"]
[EventDate "2017.02.07"]
[EventType "swiss (blitz)"]
[EventRounds "9"]
[EventCountry "USA"]
[SourceTitle "EXT 2021"]
[Source "ChessBase"]
[SourceDate "2020.10.23"]
[SourceVersion "1"]
[SourceVersionDate "2020.10.23"]
[SourceQuality "1"]

1. e4 c5 2. Nf3 d6 3. d4 cxd4 4. Nxd4 Nf6 5. Nc3 Nc6 6. Bg5 e6 7. Qd2 Be7 8. 0-0-0 0-0 9. f3 Nxd4 10. Qxd4 a6 11. h4 b5 12. g4 Qc7 13. Qd2 Bb7 14. Bd3 Rfd8 15. Kb1 Rac8 16. h5 b4 17. Ne2 d5 18. e5 Ne4 19. Bxe4 dxe4 20. Nd4 Rxd4 21. Qxd4 Bxg5 22. fxe4 Qxc2+ 23. Ka1 Bxe4 24. Rhe1 Bd5 25. Qxb4 h6 26. Rf1 Rc4 27. Qb8+ Kh7 28. Qf8 Ra4 29. Rxd5 exd5 30. Qxf7 Rb4 31. Rb1 Be3 32. a3 Rb8 33. Qxd5 Bc1 34. Qa2 Bxb2+ 35. Rxb2 Qc1+ 36. Qb1+ Qxb1+ 37. Kxb1 Re8 38. Re2 Kg8 39. e6 Kf8 40. Kb2 Ke7 41. Kb3 Rf8 42. Re4 Rf3+ 43. Kb4 Rg3 44. a4 Rd3 45. Ka5 Rd6 46. Rb4 Rxe6 47. Rb6 Re4 48. Rxa6 Rxg4 49. Rb6 Rg5+ 50. Rb5 Kf6 51. Ka6 g6 52. hxg6 Kxg6 53. a5 Rg1 54. Kb7 h5 55. a6 h4 56. a7 Ra1 57. a8Q Rxa8 58. Kxa8 h3 59. Rb3 1-0

[Event "San Francisco Bagby"]
[Site "San Francisco"]
[Date "1985.??.??"]
[Round "2"]
[White "Biyiasas, Peter"]
[Black "Frankle, Jon"]
[Result "1-0"]
[WhiteElo "2460"]
[BlackElo "2230"]
[PlyCount "63"]
[EventDate "1985.??.??"]
[EventType "tourn"]
[EventRounds "7"]
[EventCountry "USA"]
[SourceTitle "EXT 2009"]
[Source "ChessBase"]
[SourceDate "2008.11.26"]
[SourceVersion "1"]
[SourceVersionDate "2008.11.26"]
[SourceQuality "1"]

1. e4 e5 2. Nf3 Nc6 3. Nc3 f5 4. exf5 Bc5 5. Bb5 Nge7 6. Ne4 Bb6 7. f6 gxf6 8. Nxf6+ Kf7 9. Nh5 Rf8 10. d4 Bxd4 11. Qd3 Kg8 12. Bg5 Rf5 13. c3 d5 14. Bxc6 bxc6 15. cxd4 e4 16. Qe3 h6 17. Bxe7 Qxe7 18. Ng3 Rf6 19. 0-0 Kh7 20. Rfc1 Bb7 21. Ne5 Rg8 22. Rc3 Qg7 23. Rac1 h5 24. h4 Kh8 25. Nxc6 Re6 26. Ne5 Re7 27. Rxc7 Kh7 28. Rxe7 Qxe7 29. Qh6+ Kxh6 30. Nf5+ Kh7 31. Nxe7 Rg7 32. Nf5 1-0

[Event "San Francisco 1st"]
[Site "San Francisco"]
[Date "1985.??.??"]
[Round "6"]
[White "Biyiasas, Peter"]
[Black "Strauss, David J"]
[Result "1/2-1/2"]
[WhiteElo "2460"]
[BlackElo "2390"]
[PlyCount "102"]
[EventDate "1985.??.??"]
[EventType "tourn"]
[EventRounds "9"]
[EventCountry "USA"]
[EventCategory "6"]
[SourceTitle "EXT 2005"]
[Source "ChessBase"]
[SourceDate "2004.11.15"]
[SourceVersion "1"]
[SourceVersionDate "2004.11.15"]
[SourceQuality "1"]

1. e4 c5 2. Nf3 Nc6 3. Bb5 g6 4. 0-0 Bg7 5. Re1 e5 6. Bxc6 dxc6 7. d3 Qe7 8. a4 Nf6 9. Na3 0-0 10. Nc4 Nh5 11. a5 Bd7 12. Bd2 Rad8 13. Rb1 Rfe8 14. b4 cxb4 15. Bxb4 c5 16. Bd2 Bc6 17. Bc3 f6 18. g3 Bf8 19. Bd2 Qd7 20. Qe2 Ng7 21. Bh6 Qh3 22. Nh4 Be7 23. Bxg7 Kxg7 24. Ng2 h5 25. Nge3 Bf8 26. Nd5 Rd7 27. Nce3 Rf7 28. c4 Kh7 29. Ng2 Bh6 30. Rf1 f5 31. f4 exf4 32. Ngxf4 Qg4 33. Qxg4 hxg4 34. exf5 gxf5 35. Rfe1 Rxe1+ 36. Rxe1 Bxd5 37. Nxd5 Bd2 38. Ra1 Kg7 39. a6 bxa6 40. Rxa6 Rb7 41. Kf1 Bh6 42. Nf4 Kh7 43. Kf2 Bg7 44. Ne2 Be5 45. Rc6 Rb2 46. Ke3 Bg7 47. Rxc5 Bh6+ 48. Kf2 Bg7 49. Rxf5 Bd4+ 50. Ke1 Rb1+ 51. Kd2 Rb2+ 1/2-1/2